00501nam a22001812 4500001001100000005001700011008004100028040001500069100003200084245002900116246001800145250001300163260003700176300001200213600003200225651005900257852000300316000001168620151217155845.0081222s xx 000 0 eng d aKABUcKABU1 aSimpson, Alyse.@000016765514aThe Land that never was.3 aAlyse Simpson a1st ed. aLondon :bSewyn & Blount,c1937. a271 p.10aSimpson, Alyse.@0000167655 0aKenyaxSocial life and customsy1895-1963.@00001676561